Status of water levels in aquifers in the Nacatoch sand and Tokio Formation of southwestern Arkansas, 1996 /

Bibliographic Details
Main Author: Schrader, Tony P.
Corporate Authors: Arkansas Soil and Water Conservation Commission, Arkansas Geological Commission, Geological Survey (U.S.)
Format: Government Document Book
Language:English
Published: Little Rock, Ark. : U.S. Dept. of the Interior, U.S. Geological Survey ; 1998.
Series:Water-resources investigations report ; 98-4130.
Subjects:

MARC

Tag First Indicator Second Indicator Subfields
LEADER 00000cam a2200000 a 4500
001 in00000001359
005 20151007050417.0
008 980918s1998 aruab b f000 0 eng d
035 |a (OCoLC)39890756 
035 |9 AJB2836AM 
040 |d GPO  |d DLC  |d MvI  |d UtOrBLW 
043 |a n-us-ar 
049 |a UDOC 
074 |a 0624-B 
086 0 |a I 19.42/4:98-4130 
100 1 |a Schrader, Tony P. 
245 1 0 |a Status of water levels in aquifers in the Nacatoch sand and Tokio Formation of southwestern Arkansas, 1996 /  |c by T.P. Schrader ; prepared in cooperation with the Arkansas Soil and Water Conservation Commission, and the Arkansas Geological Commission. 
264 1 |a Little Rock, Ark. :  |b U.S. Dept. of the Interior, U.S. Geological Survey ;  |c 1998. 
264 2 |a Denver, Colo. :  |b Branch of Information Services [distributor], 
300 |a iii, 14 pages :  |b illustrations, maps ;  |c 28 cm. 
336 |a text  |b txt  |2 rdacontent 
337 |a unmediated  |b n  |2 rdamedia 
338 |a volume  |b nc  |2 rdacarrier 
490 1 |a Water-resources investigations report ;  |v 98-4130 
500 |a Shipping list number: 98-0357-P. 
504 |a Includes bibliographical references (page 14). 
650 0 |a Water table  |z Arkansas. 
650 0 |a Water consumption  |z Arkansas. 
650 0 |a Irrigation farming  |z Arkansas. 
710 2 |a Arkansas Soil and Water Conservation Commission. 
710 2 |a Arkansas Geological Commission. 
710 2 |a Geological Survey (U.S.) 
830 0 |a Water-resources investigations report ;  |v 98-4130. 
999 |a MARS 
999 f f |s 8b112e9b-a899-3f5f-997a-3b1dec18ac4d  |i ea87fc7f-9260-3d1b-a541-18b93c8f8b33  |t 0 
952 f f |p normal  |a Texas A&M University  |b College Station  |c Sterling C. Evans Library  |d Evans: US Documents (Annex 5th floor)  |t 0  |e I 19.42/4:98-4130  |h Superintendent of Documents classification  |i unmediated -- volume  |m A14820684889 
998 f f |a I 19.42/4:98-4130  |t 0  |l Evans: US Documents (Annex 5th floor)